Countries From a Blind Start - Statistics

General Stats
  • This quiz has been taken 3,695 times
  • The average score is 26 of 42
Answer Stats
Answer % Correct
Russia
94%
Mexico
85%
Ukraine
85%
United States
85%
Canada
84%
Belarus
80%
Romania
80%
Democratic Republic of the Congo
79%
Poland
78%
Moldova
76%
Kenya
75%
Rwanda
72%
Sudan
72%
Uganda
72%
Hungary
71%
Tanzania
71%
Ethiopia
70%
South Sudan
70%
Slovakia
69%
Central African Republic
68%
Mozambique
66%
Burundi
65%
Turkey
65%
Bulgaria
64%
Greece
64%
Malawi
62%
Zambia
61%
Albania
60%
North Macedonia
60%
Mali
46%
Saudi Arabia
41%
Gambia
40%
Mauritania
40%
Senegal
40%
Guinea
38%
Qatar
38%
Guinea-Bissau
35%
Guatemala
29%
Honduras
29%
Nicaragua
28%
El Salvador
27%
Bahrain
17%
No matching quizzes found
Score Distribution
Percent of People with Each Score
Percentile by Number Answered
Your Score History
You have not taken this quiz